Normal view
MARC view
- الربا- تشريع اسلامي
Entry Topical Term
001 - CONTROL NUMBER
- control field: 34400
003 - CONTROL NUMBER IDENTIFIER
- control field: JO-AjAnu
005 - DATE AND TIME OF LATEST TRANSACTION
- control field: 20230606075749.0
008 - FIXED-LENGTH DATA ELEMENTS
- fixed length control field: 230606|| aca||aabn | a|a d
040 ## - CATALOGING SOURCE
- Original cataloging agency: JO-AjAnu
- Transcribing agency: JO-AjAnu
150 ## - HEADING--TOPICAL TERM
- Topical term or geographic name entry element: الربا- تشريع اسلامي
670 ## - SOURCE DATA FOUND
- Source citation: Work cat.: (JO-AjAnu)17669: إعداد: الأبجي، كوثر, author 34399, الاعجاز التشريعي في تحريم الربا : دراسة تطبيقية على الأزمة المالية العالمية